[Event "AUTO-OPEN-4603"]
[Site "http://www.queenalice.com/game.php?id=1859905"]
[Date "2025.7.15"]
[Round "1"]
[White "serrameira"]
[Black "WoodpusherKid"]
[Result "0-1"]
[WhiteElo "1994"]
[BlackElo "2400"]

1. e4 e5 2. Nf3 d6 3. c3 Nf6 4. d3 c5 5. h3 Be7 6. Be2 O-O 7. Nbd2 Nc6 8. O-O d5
9. exd5 Nxd5 10. Nc4 f6 11. Ne3 Nf4 12. Nc4 Nxe2+ 13. Qxe2 Be6 14. Ncd2 Bf5 15.
Nh4 Bxd3 16. Qg4 f5 17. Qa4 Bxh4 18. Re1 b5 19. Qd1 c4 20. Nf3 Bf6 21. Qd2 h6
22. Rd1 e4 23. Ne1 Rf7 24. Nxd3 cxd3 25. f3 b4 26. c4 Nd4 27. Rb1 Ne2+ 28. Kh1
f4 29. fxe4 f3 30. gxf3 Qd7 31. b3 Qxh3# 0-1

[Event "AUTO-OPEN-4603"]
[Site "http://www.queenalice.com/game.php?id=1859906"]
[Date "2025.7.15"]
[Round "1"]
[White "WoodpusherKid"]
[Black "serrameira"]
[Result "1-0"]
[WhiteElo "2420"]
[BlackElo "1944"]

1. g3 d5 2. d4 Nf6 3. Bg2 Nbd7 4. c4 e6 5. Nf3 Bb4+ 6. Nbd2 O-O 7. O-O h6 8. c5
c6 9. Nb3 Ba5 10. Nxa5 Qxa5 11. Bd2 Qd8 12. Bf4 Re8 13. Ne5 Nxe5 14. Bxe5 Nd7
15. Bd6 Nf6 16. Qc2 Nd7 17. Rfe1 b6 18. e4 bxc5 19. dxc5 Bb7 20. e5 f6 21. f4
Nf8 22. Bf3 Qd7 23. exf6 Rad8 24. fxg7 Qxg7 25. b4 a6 26. Bh5 Rxd6 27. Bxe8 Rd8
28. Bh5 Nh7 29. Qg6 Bc8 30. Qxg7+ Kxg7 31. Be2 Nf6 32. a4 Ne4 33. b5 Bb7 34.
bxa6 Ba8 35. Rac1 d4 36. Bd3 Nc3 37. Rxe6 Nxa4 38. Rg6+ Kf7 39. Rd6 Rxd6 40.
cxd6 Ke6 41. f5+ Kxd6 42. f6 Ke6 43. Rf1 Kf7 44. Rf5 Nb2 45. Be4 d3 46. Bf3 d2
47. Bh5+ Kf8 48. Rf1 c5 49. Rb1 d1=Q+ 50. Bxd1 Nxd1 51. Rb8+ Kf7 52. Rxa8 c4 53.
Rc8 Kxf6 54. a7 1-0

[Event "AUTO-OPEN-4603"]
[Site "http://www.queenalice.com/game.php?id=1859907"]
[Date "2025.7.15"]
[Round "1"]
[White "serrameira"]
[Black "Zero007"]
[Result "1/2-1/2"]
[WhiteElo "1961"]
[BlackElo "2066"]

1. e4 e5 2. Nf3 Nc6 3. Bc4 Bc5 4. c3 Qe7 5. d3 h6 6. O-O d6 7. a3 a5 8. Qe2 Be6
9. Bb5 Bd7 10. Be3 Bxe3 11. Bxc6 Bxf2+ 12. Qxf2 Bxc6 13. Re1 Nf6 14. Nbd2 O-O
15. Nh4 Bd7 16. Nf5 Bxf5 17. Qxf5 Qd7 18. Qxd7 Nxd7 19. Nf3 g5 20. d4 f6 21. g4
Kf7 22. d5 Nc5 23. c4 Nd3 24. Re2 Nf4 25. Rc2 b6 26. Rd1 a4 27. Kf2 Rh8 28. h4
Ng6 29. h5 Nf8 30. Nd2 Nd7 31. Ra1 Nc5 32. Ke3 Rhb8 33. Nb1 b5 34. Nc3 bxc4 35.
Rb1 Ke7 36. Na2 c3 37. Rxc3 Rb3 38. Rxb3 axb3 39. Nb4 Kd7 40. Nd3 Ra4 41. Nb4
Na6 42. Nxa6 Rxa6 43. Kd3 c6 44. Kc4 cxd5+ 45. exd5 Ra4+ 46. Kxb3 Rxg4 47. Rc1
Rg3+ 48. Kb4 e4 49. a4 e3 50. Re1 Rg2 51. Kb3 Rd2 52. Rxe3 Rxd5 53. Rc3 g4 54.
Kb4 Rc5 55. Rg3 f5 56. a5 Kc6 57. b3 Kc7 58. Ka4 Kc6 59. b4 Rc4 60. a6 Kb6 61.
Rd3 Kxa6 62. Rxd6+ Kb7 63. Kb5 Rc2 64. Rxh6 g3 65. Rg6 Rh2 66. h6 g2 67. Rg7+
Kc8 68. h7 Rxh7 69. Rxg2 Rb7+ 70. Kc6 Rc7+ 71. Kd5 Rb7 72. Rc2+ Rc7 73. Rf2 Rb7
74. Rf4 Kb8 75. Ke5 Rb5+ 76. Kd6 Kb7 77. Rc4 Rb6+ 78. Ke5 Rc6 79. Rf4 Kb6 80.
Kxf5 Kb5 81. Ke5 Rc4 82. Rxc4 Kxc4 1/2-1/2

[Event "AUTO-OPEN-4603"]
[Site "http://www.queenalice.com/game.php?id=1859908"]
[Date "2025.7.15"]
[Round "1"]
[White "Zero007"]
[Black "serrameira"]
[Result "1-0"]
[WhiteElo "1962"]
[BlackElo "1972"]

1. e4 e5 2. Nf3 Nf6 3. Nxe5 Qe7 4. Nf3 Nxe4 5. Qe2 Nf6 6. Nc3 Qxe2+ 7. Bxe2 Nc6
8. a3 d5 9. d4 Bg4 10. Be3 Be7 11. O-O O-O 12. Rfe1 Rad8 13. Ne5 Bxe2 14. Nxc6
bxc6 15. Rxe2 Rfe8 16. Rae1 Bd6 17. Bg5 Rxe2 18. Rxe2 Re8 19. Bxf6 Rxe2 20. Nxe2
gxf6 21. g3 c5 22. dxc5 Bxc5 23. c3 c6 24. g4 Kg7 25. Kg2 a5 26. f4 h6 27. Kf3
Kg6 28. Nd4 Bxd4 29. cxd4 f5 30. a4 h5 31. gxh5+ Kxh5 32. b4 axb4 33. Ke3 b3 34.
Kd3 Kg4 35. a5 1-0

[Event "AUTO-OPEN-4603"]
[Site "http://www.queenalice.com/game.php?id=1859909"]
[Date "2025.7.15"]
[Round "1"]
[White "serrameira"]
[Black "BeatifulDevil56"]
[Result "1/2-1/2"]
[WhiteElo "1965"]
[BlackElo "2160"]

1. e4 e6 2. d4 d5 3. Nc3 Nf6 4. Bg5 Be7 5. e5 Nfd7 6. Bxe7 Qxe7 7. Nf3 c5 8. Bb5
a6 9. Bxd7+ Nxd7 10. O-O c4 11. b3 cxb3 12. axb3 O-O 13. Re1 Nb6 14. Re3 Bd7 15.
h3 f6 16. exf6 Rxf6 17. Ne5 Raf8 18. f3 h5 19. Nxd7 Qxd7 20. Qd2 Qe8 21. Rae1
Qg6 22. Re5 Rxf3 23. Rxe6 Qg3 1/2-1/2

[Event "AUTO-OPEN-4603"]
[Site "http://www.queenalice.com/game.php?id=1859910"]
[Date "2025.7.15"]
[Round "1"]
[White "BeatifulDevil56"]
[Black "serrameira"]
[Result "1-0"]
[WhiteElo "2154"]
[BlackElo "1973"]

1. e4 e5 2. d4 exd4 3. Qxd4 Nc6 4. Qd1 Nf6 5. f3 Bc5 6. Nc3 O-O 7. Bf4 Bd4 8.
Nge2 Re8 9. Nxd4 Ne5 10. Be2 d6 11. Nd5 Nxd5 12. exd5 Bd7 13. O-O a6 14. b3 Ng6
15. Bg3 Rc8 16. Bd3 c6 17. dxc6 Bxc6 18. Bxg6 fxg6 19. Nxc6 Rxc6 20. Qd5+ Kh8
21. Rfe1 Rf8 22. c4 Rc5 23. Qxd6 Rc6 24. Qxd8 Rxd8 25. Rad1 Rcc8 26. Rxd8+ Rxd8
27. Re2 b6 28. Bc7 Rd1+ 29. Kf2 Kg8 30. Bxb6 h5 31. c5 1-0

[Event "AUTO-ADV-4876"]
[Site "http://www.queenalice.com/game.php?id=1860021"]
[Date "2025.7.17"]
[Round "1"]
[White "serrameira"]
[Black "Zero007"]
[Result "0-1"]
[WhiteElo "1956"]
[BlackElo "2027"]

1. e4 e5 2. f4 d6 3. d3 Nc6 4. Nf3 Bg4 5. f5 Nd4 6. Be2 Nxe2 7. Qxe2 Qd7 8. Rf1
Bxf3 9. Qxf3 O-O-O 10. Nc3 Nf6 11. Bg5 Be7 12. O-O-O c6 13. Qe3 Kb8 14. d4 exd4
15. Qxd4 Nd5 16. Bxe7 Nxc3 17. Bxd6+ Qxd6 18. Qxc3 Qh6+ 19. Kb1 Qh5 20. Kc1 Qg5+
21. Rd2 Qxd2+ 22. Qxd2 Rxd2 23. Kxd2 Re8 24. Rf3 Rxe4 25. h3 f6 26. g4 h6 27.
Kd3 Re7 28. a4 Kc7 29. b4 a5 30. b5 cxb5 31. axb5 b6 32. Re3 Rxe3+ 33. Kxe3 Kd6
34. Kd4 a4 35. Kc4 a3 36. Kb3 a2 37. Kxa2 Kc5 38. Kb3 Kxb5 39. Kc3 Kc5 40. Kd3
Kd5 41. c3 b5 42. h4 h5 0-1

[Event "AUTO-ADV-4876"]
[Site "http://www.queenalice.com/game.php?id=1860022"]
[Date "2025.7.17"]
[Round "1"]
[White "Zero007"]
[Black "serrameira"]
[Result "1-0"]
[WhiteElo "1886"]
[BlackElo "1992"]

1. e4 e5 2. Nf3 Nf6 3. Nxe5 Qe7 4. Nf3 Nxe4 5. Qe2 Nd6 6. d4 Qxe2+ 7. Bxe2 c6 8.
O-O g6 9. Re1 Be7 10. Bh6 Nf5 11. Bd2 d5 12. c4 O-O 13. Nc3 Bb4 14. a3 Bxc3 15.
Bxc3 Re8 16. Bd3 Bd7 17. Bxf5 Rxe1+ 18. Rxe1 gxf5 19. cxd5 cxd5 20. Re7 Kf8 21.
Bb4 Be6 22. Rxe6+ Kg7 23. Re8 f6 24. Bd6 Kf7 25. Rxb8 1-0

[Event "AUTO-ADV-4876"]
[Site "http://www.queenalice.com/game.php?id=1860023"]
[Date "2025.7.17"]
[Round "1"]
[White "serrameira"]
[Black "Capixaba789"]
[Result "1/2-1/2"]
[WhiteElo "1943"]
[BlackElo "1962"]

1. e4 e5 2. f4 exf4 3. Nf3 Be7 4. Nc3 Nf6 5. d4 O-O 6. Bxf4 d6 7. e5 dxe5 8.
dxe5 Ng4 9. h3 Nh6 10. Bxh6 Qxd1+ 11. Nxd1 gxh6 12. Ne3 Be6 13. b3 Nd7 14. Bd3
Kh8 15. O-O-O c5 16. Bc4 Bxc4 17. Rxd7 Bxb3 18. Rxe7 Bxa2 19. Rxb7 Rfb8 20.
Rxb8+ Rxb8 21. Kd2 Be6 22. Rf1 a5 23. Kc3 a4 24. Ra1 Rb4 25. Nd2 Kg7 26. Kd3 h5
27. c3 Rh4 28. Ne4 c4+ 29. Nxc4 Bxc4+ 30. Kd4 Bb3 31. c4 Bxc4 32. Rxa4 Be6 33.
Kc5 Bf5 34. Kd5 Rf4 35. Rb4 h4 36. Rd4 h5 37. Rb4 Be6+ 38. Kc5 Bf5 39. Kd5 Be6+
40. Kc5 Bf5 41. Kd5 1/2-1/2

[Event "AUTO-ADV-4876"]
[Site "http://www.queenalice.com/game.php?id=1860024"]
[Date "2025.7.17"]
[Round "1"]
[White "Capixaba789"]
[Black "serrameira"]
[Result "1/2-1/2"]
[WhiteElo "1939"]
[BlackElo "1996"]

1. d4 d5 2. Nc3 Nf6 3. f4 Nc6 4. Nf3 Bg4 5. e3 Ne4 6. Be2 Nxc3 7. bxc3 g6 8. O-O
Bg7 9. a4 a6 10. Ba3 O-O 11. Rb1 Rb8 12. Qd3 Na5 13. Ne5 Bxe2 14. Qxe2 Bxe5 15.
fxe5 e6 16. Bxf8 Qxf8 17. Qf3 Nc4 18. Rf2 Na5 19. Rff1 Nc4 20. Rf2 Na5 21. Rff1
1/2-1/2

[Event "AUTO-OPEN-4622"]
[Site "http://www.queenalice.com/game.php?id=1865050"]
[Date "2025.11.3"]
[Round "1"]
[White "serrameira"]
[Black "game"]
[Result "1-0"]
[WhiteElo "1970"]
[BlackElo "1456"]

1. e4 d6 2. d4 Nc6 3. Nf3 e5 4. Bb5 Bd7 5. O-O Nf6 6. dxe5 Nxe5 7. Bxd7+ Nexd7
8. Nc3 Nc5 9. Bg5 Be7 10. Re1 O-O 11. b4 Ne6 12. e5 Ng4 13. Bxe7 Qxe7 14. h3 Nh6
15. exd6 Qf6 16. Ne4 Qb2 17. dxc7 Nxc7 18. Qd7 Qxc2 19. Ng3 Rad8 20. Rec1 Rxd7
21. Rxc2 f5 22. Rac1 Nb5 23. a4 Na3 24. Rc7 Rff7 25. Rxd7 f4 26. Rxf7 Kxf7 27.
Ne4 Nf5 28. Rc7+ Ne7 29. Nfg5+ Ke8 30. Rxb7 Nc6 31. Nd6+ Kd8 32. Ngf7# 1-0

[Event "AUTO-OPEN-4622"]
[Site "http://www.queenalice.com/game.php?id=1865051"]
[Date "2025.11.3"]
[Round "1"]
[White "game"]
[Black "serrameira"]
[Result "0-1"]
[WhiteElo "1705"]
[BlackElo "1948"]

1. e4 e5 2. Nf3 Nf6 3. Nxe5 Qe7 4. d4 d6 5. Nf3 Nxe4 6. Bc4 Nc6 7. O-O Bf5 8.
Re1 O-O-O 9. Bg5 f6 10. Bf4 g5 11. Bg3 Qg7 12. d5 Na5 13. Na3 Nxg3 14. fxg3 Nxc4
15. Nxc4 Be7 16. Qd4 Kb8 17. a4 Bxc2 18. Qc3 Bf5 19. a5 Rde8 20. Nd4 Bd8 21. Rf1
Bd7 22. Rac1 Rhf8 23. Qb3 c5 24. Nxd6 Bg4 25. Qxb7+ Qxb7 26. Nxb7 Kxb7 27. Rxc5
Ka6 28. b4 Re4 29. Rc6+ Kb7 30. a6+ Kb8 31. Rfc1 Rxd4 32. Rc8+ Bxc8 33. Rb1 Bxa6
34. b5 Bb6 35. bxa6 Ra4+ 36. Kf1 Rxa6 37. Ke1 Re8+ 38. Kd2 Re5 39. Rb5 Ra5 40.
Rb3 Rexd5+ 41. Kc3 Kc7 42. Kc4 Rac5+ 43. Kb4 Rd4+ 44. Ka3 Rc2 45. Rf3 Rc6 46.
Kb2 Rb4+ 47. Ka2 g4 48. Rf5 Bd4 49. Rf4 Ra6# 0-1

[Event "AUTO-OPEN-4622"]
[Site "http://www.queenalice.com/game.php?id=1865052"]
[Date "2025.11.3"]
[Round "1"]
[White "serrameira"]
[Black "Magnaroc"]
[Result "1/2-1/2"]
[WhiteElo "1921"]
[BlackElo "1929"]

1. e4 e5 2. Nf3 Nc6 3. Bc4 Nf6 4. d3 Be7 5. O-O O-O 6. Bg5 h6 7. Bh4 d6 8. Nc3
a6 9. a4 Bg4 10. h3 Bxf3 11. Qxf3 Nd4 12. Qd1 c6 13. Bxf6 Bxf6 14. f4 Qb6 15.
Kh1 Qxb2 16. Ne2 Qxc2 17. Nxd4 Qxd1 18. Raxd1 exd4 19. Rb1 b5 20. axb5 axb5 21.
Bb3 Ra3 22. Rfc1 c5 23. Bd5 b4 24. Bb3 Rfa8 25. Bd5 R8a7 26. Rb2 Ra1 27. Rbb1
Rxb1 28. Rxb1 Ra3 29. Bc4 Bh4 30. Kh2 Bf2 31. g3 Be3 32. f5 Kf8 33. g4 f6 34.
Kg3 Bd2 35. h4 Bc3 36. h5 Ra1 37. Rxa1 Bxa1 38. Bb3 Ke7 39. Kf3 Kd7 40. Ke2 Kc6
41. Kd2 Bc3+ 42. Kc1 Ba1 43. Kb1 Bc3 44. Ba4+ Kb6 45. Ka2 Ka5 46. Kb3 Ba1 47.
Bd7 Bc3 48. Be6 Ba1 49. Bc4 Bc3 1/2-1/2

[Event "AUTO-OPEN-4622"]
[Site "http://www.queenalice.com/game.php?id=1865053"]
[Date "2025.11.3"]
[Round "1"]
[White "Magnaroc"]
[Black "serrameira"]
[Result "1-0"]
[WhiteElo "1552"]
[BlackElo "1954"]

1. e4 e5 2. Nf3 Nf6 3. Nxe5 Qe7 4. Nf3 Nxe4 5. Qe2 Nf6 6. Nc3 d5 7. h3 Nc6 8. d4
Qxe2+ 9. Bxe2 Be6 10. a3 O-O-O 11. Bg5 Be7 12. Bb5 Bd7 13. O-O-O Ne4 14. Be3
Nxc3 15. bxc3 Bxa3+ 16. Kd2 Bd6 17. Ra1 Kb8 18. Ra2 a6 19. Rha1 Ka7 20. c4 Nb4
21. Ra4 Kb6 22. Bxd7 Rxd7 23. c5+ Bxc5 24. dxc5+ Kb5 25. c3 Nc6 26. Nd4+ Nxd4
27. cxd4 Kc6 28. Bf4 f6 29. Re1 Ra8 30. Ra3 g5 31. Bh2 f5 32. Rb3 b5 33. cxb6
cxb6 34. Re6+ Rd6 35. Rxd6+ 1-0

[Event "AUTO-ADV-4902"]
[Site "http://www.queenalice.com/game.php?id=1865100"]
[Date "2025.11.3"]
[Round "1"]
[White "matamuff"]
[Black "serrameira"]
[Result "1/2-1/2"]
[WhiteElo "1850"]
[BlackElo "1924"]

1. Na3 e5 2. Nc4 d5 3. Nxe5 Nf6 4. d4 Nbd7 5. Bg5 h6 6. Bh4 Be7 7. Ngf3 Nxe5 8.
Nxe5 O-O 9. Bg3 Ne4 10. c3 Nxg3 11. hxg3 Bd6 12. f4 Re8 13. Qc2 Qf6 14. e3 Bf5
15. Qd2 a6 16. Bd3 Bxd3 17. Qxd3 Rad8 18. O-O Bxe5 19. fxe5 Qe6 20. Rf4 Rf8 21.
Qf5 Qxf5 22. Rxf5 c6 23. Raf1 b5 24. b4 Ra8 25. R5f2 a5 26. Rb1 a4 27. a3 Rae8
28. Re1 f6 29. exf6 gxf6 30. g4 Kg7 31. Rf5 Re4 32. Rf4 Rxf4 33. exf4 Kg6 34.
Kf2 h5 35. gxh5+ Kxh5 36. Kf3 Rc8 37. Re6 Kg6 38. Kg4 Kf7 39. Re3 Rg8+ 40. Kf3
1/2-1/2

[Event "AUTO-ADV-4902"]
[Site "http://www.queenalice.com/game.php?id=1865101"]
[Date "2025.11.3"]
[Round "1"]
[White "serrameira"]
[Black "matamuff"]
[Result "1/2-1/2"]
[WhiteElo "1978"]
[BlackElo "1788"]

1. e4 d6 2. d4 g6 3. Nf3 Bg7 4. Bc4 a6 5. Nc3 e6 6. O-O Ne7 7. e5 d5 8. Bb3 b5
9. a3 O-O 10. Re1 Nd7 11. Bg5 h6 12. Be3 Nb6 13. a4 Nc4 14. Bxc4 bxc4 15. b4 Nf5
16. Bf4 Bd7 17. b5 axb5 18. Nxb5 Bxb5 19. axb5 Qd7 20. Rxa8 Rxa8 21. g4 Ne7 22.
h4 Qxb5 23. Qb1 Rb8 1/2-1/2

[Event "AUTO-ADV-4902"]
[Site "http://www.queenalice.com/game.php?id=1865116"]
[Date "2025.11.3"]
[Round "1"]
[White "serrameira"]
[Black "EdsonEstevam"]
[Result "1-0"]
[WhiteElo "1972"]
[BlackElo "1675"]

1. e4 e5 2. Nf3 Nc6 3. Bc4 h6 4. O-O Bc5 5. a3 Nf6 6. d3 d6 7. h3 Nh5 8. b4 Bb6
9. c3 f5 10. exf5 Bxf5 11. Nxe5 Nxe5 12. Qxh5+ g6 13. Qe2 g5 14. Re1 h5 15. Bb3
g4 16. d4 gxh3 17. g3 Rg8 18. Bxg8 Kd7 19. dxe5 Qxg8 20. exd6 Re8 21. Qxe8+ Qxe8
22. Rxe8 Kxe8 23. Bf4 Kd7 24. dxc7 Bxc7 25. Bxc7 Kxc7 26. Nd2 Bd3 27. Re1 Kd8
28. Kh2 1-0

[Event "AUTO-ADV-4902"]
[Site "http://www.queenalice.com/game.php?id=1865117"]
[Date "2025.11.3"]
[Round "1"]
[White "EdsonEstevam"]
[Black "serrameira"]
[Result "1-0"]
[WhiteElo "1668"]
[BlackElo "1976"]

1. d4 d5 2. Nf3 Bf5 3. Nc3 e6 4. Bf4 h6 5. e3 Bb4 6. Qd2 Nf6 7. Ne5 Nh5 8. a3
Nxf4 9. exf4 O-O 10. axb4 Nd7 11. Nxd7 Qxd7 12. Bd3 Bxd3 13. Qxd3 a6 14. Ne2 Ra7
15. Ng3 b5 16. O-O f6 17. Rfe1 Rfa8 18. Nh5 Qf7 19. g4 Re8 20. Re3 f5 21. h3
fxg4 22. hxg4 g6 23. Ng3 c6 24. Re5 Kg7 25. f5 g5 26. Kg2 Kg8 27. f4 gxf4 28.
Nh5 Rae7 29. Rxa6 exf5 30. Rxc6 Rxe5 31. Nxf4 Re4 32. Rg6+ Kh7 33. Qh3 Qf8 34.
g5 1-0